000 01208nam a22002897a 4500
001 7802
003 FISKH
005 20250807144306.0
008 250807b cb ||||| |||| 00| 0 eng d
020 _a9780439385503
040 _aIMF
_cIMF
_dWIH
_dDLC
_beng
050 _aPZ7
082 _aGV865.R6 R594
100 1 _aRobinson, Sharon
_d(1950-)
245 1 0 _aJackie's nine :
_bJackie Robinson's values to live by : courage, determination, teamwork, persistence, integrity, persistence [sic], commitment, excellence /
_cSharon Robinson.
250 _aThis edition first published in 2002
260 _aNew York :
_bScholastic,
_c2001.
300 _a181 pages :
_bcolor illustrations ;
_c23 cm.
505 _aZ
520 _aBaseball hero Jackie Robinson's daughter discusses nine values that her father held dear, shares memories from her life and her father's that illustrate those values, and profiles individuals whom she considers heroes, including Christopher Reeve and Oprah Winfrey.
521 8 _a1040
_bLexile
521 8 _aZ
_bRaz-Plus
650 0 _aAfrican American baseball players
_vBiography.
650 0 _aAfrican Americans
_vBiography.
942 _2ddc
_cBK
_n0
999 _c7802
_d7802